| 000 | 00559nam a2200181Ia 4500 | ||
|---|---|---|---|
| 005 | 20240905015045.0 | ||
| 008 | 240331s9999 xx 000 0 und d | ||
| 020 | _a9280803387 | ||
| 082 |
_bMAT _a2195 |
||
| 245 | 0 |
_aMaternal Diet, Breast -Feeding capacity, and Lactational infertility : _bReport of a joint UNU/WHO workshop held in Cambridge |
|
| 260 |
_aTokyo _bThe United Nations University _c1983 |
||
| 300 | _avi, 107 p ., | ||
| 650 | _aWomen | ||
| 650 | _aMaternal Health | ||
| 650 | _aNon-nutritional | ||
| 700 |
_aWhitehead, R.G. _eedt |
||
| 942 | _cL | ||
| 999 |
_c3045 _d3045 |
||